000 00830nam a22002537a 4500
001 43946
003 UA-OsUOA
005 20231228161647.0
007 ta
008 20070130b un ||||| |||| 00| 0 ukr d
020 _a966525331Х
040 _aUA-OsUOA
_bukr
_cUA-OsUOA
_dUA-OsUOA
041 _aukr
080 _a11
090 _a11
_bБ17
100 _aБазалук О. А.
110 _aМинистерство образования и науки Украины
245 _aПроисхождение человечества: новая космологическая концепция
_bмонография
_cО. А. Базалук
260 _aДніпропетровськ
_bПороги
_c2003
300 _a144 с.
650 7 _a1 Філософські науки
_2UDC
942 _cBK
_2udc
955 _a1
999 _c330065
_d330065